000
00209 a2200097 4500
001
22859
100
_a
Schuman, F L
245
_a
International Politics
260
_a
_b
Kogakusha
_c
1958
090
_c
15466
_d
15466
942
_a
NUST-CAE
_c
M
_c
6076
999
_c
257932
_d
257932